000 00846nam a22002537a 4500
999 _c19904
_d19904
003 AR-CdUCM
008 190226b ||||| |||| 00| 0 spa d
020 _a9972601153
040 _aMUNICIPALIDAD PROVINCIAL DEL CUSCO
_cBIBLIOTECA MUNICIPAL DEL CUSCO
082 _27ed.
_a869.56 /
_bC78
100 _aCorcuera, Arturo
_94604
245 _aNoé Delirante /
260 _aLima :
_bBiblioteca Nacional del Perú,
_c1997.
300 _a288 páginas ;
_bRetratos, pinturas
_c25cm.
500 _aFabulas
505 _aContenido : Primer Libro -- Fabula del gusano de seda y su presentación -- Segundo Libro -- tercer libro...
650 _aCuentos Infantiles
_94605
650 _aFabulas
_94606
650 _aLiteratura
_983
650 _aGrandes Historias
_94607
700 _aTsuchiya, Tilsa
_94608
942 _2ddc
_cLIBROS
945 _arcc